000 00292nam a22001337a 4500
008 170804b xxu||||| |||| 00| 0 eng d
020 _a9781413310696
041 _aeng
080 _a004
100 _a33
101 _aSHKI
245 _aCHAPTER 13 BANKRUPTCY
_cELIAS, A.S
942 _2udc
_cBK
999 _c22717
_d22717